000 00202 a2200109 4500
020 _a978-0-8225-7809-3
041 _aspa
100 _anelson,robin
245 _alos imanes
942 _cBK
952 _71
999 _c17925
_d17925